000 00296nam a22001337a 4500
008 170923b xxu||||| |||| 00| 0 eng d
020 _a9780030549830
041 _aeng
080 _a37
100 _a46
101 _aEDU
245 _aAN INTRODUCTION TO LANGUAGE
_cFROMKIN, V
942 _2udc
_cBK
999 _c29442
_d29442